<?xml version="1.0" encoding="UTF-8"?>
<collection xmlns="http://www.loc.gov/MARC21/slim">
    <record>
        <controlfield tag="001">66723</controlfield>
        <controlfield tag="005">20180223094637.0</controlfield>
        <datafield tag="037" ind1=" " ind2=" ">
            <subfield code="a">GDOC-2016-28140</subfield>
        </datafield>
        <datafield tag="041" ind1=" " ind2=" ">
            <subfield code="a">spa</subfield>
        </datafield>
        <datafield tag="100" ind1=" " ind2=" ">
            <subfield code="0">(orcid)0000-0003-0926-0442</subfield>
            <subfield code="1">387328</subfield>
            <subfield code="a">Sancho Rocher, Laura Isabel</subfield>
        </datafield>
        <datafield tag="245" ind1="0" ind2="0">
            <subfield code="9">28140</subfield>
            <subfield code="a">La ciudad clásica</subfield>
        </datafield>
        <datafield tag="260" ind1=" " ind2=" ">
            <subfield code="a">Zaragoza</subfield>
            <subfield code="b">Universidad de Zaragoza</subfield>
            <subfield code="c">2016-2017</subfield>
        </datafield>
        <datafield tag="520" ind1=" " ind2=" ">
            <subfield code="a">Breve presentación de la asignatura
La presente materia analiza aspectos concretos y particulares de “lo político”, formas de acción social, religiosa y política que derivan de la forma específica de comunidad que fue lo que ha dado en llamarse ciudad-estado. El alumno empezará a explorar las diferentes fórmulas que los antiguos dieron a los problemas de la convivencia y gestión política en Atenas y en Roma, y tendrá la oportunidad de profundizar en las contradicciones que plantean problemas como el de la violencia y/o la guerra civil o el imperialismo en la primeras sociedades de ciudadanos de la historia occidental. Se primará en todas las explicaciones el enfoque historiográfico, lo que proporcionará al alumno la posibilidad de profundizar y adquirir perspectiva en los problemas históricos y en las razones que han motivado los debates que los historiadores modernos han planteado desde hace dos siglos. Uno de los objetivos últimos de la asignatura es aprender a leer críticamente los clásicos con ojos de historiador. Se trata, en suma, de que el alumno se ejercite en hacer preguntas a los textos y comprender que estos fueron escritos siempre con una intencionalidad concreta.</subfield>
            <subfield code="b"> </subfield>
        </datafield>
        <datafield tag="521" ind1=" " ind2=" ">
            <subfield code="9">122</subfield>
            <subfield code="a">Historia</subfield>
        </datafield>
        <datafield tag="540" ind1=" " ind2=" ">
            <subfield code="a">by-nc-sa</subfield>
            <subfield code="b">Creative Commons</subfield>
            <subfield code="c">3.0</subfield>
            <subfield code="u">http://creativecommons.org/licenses/by-nc-sa/3.0/</subfield>
        </datafield>
        <datafield tag="700" ind1=" " ind2=" ">
            <subfield code="0">(orcid)0000-0001-8708-6211</subfield>
            <subfield code="1">387371</subfield>
            <subfield code="a">Pina Polo, Francisco José</subfield>
        </datafield>
        <datafield tag="830" ind1=" " ind2=" ">
            <subfield code="9">418</subfield>
        </datafield>
        <datafield tag="856" ind1="4" ind2=" ">
            <subfield code="s">15074</subfield>
            <subfield code="u">http://zaguan.unizar.es/record/66723/files/guia-28140-es.pdf</subfield>
            <subfield code="y">Guía (idioma español)</subfield>
        </datafield>
        <datafield tag="856" ind1="4" ind2=" ">
            <subfield code="s">8374</subfield>
            <subfield code="u">http://zaguan.unizar.es/record/66723/files/guia-28140-en.pdf</subfield>
            <subfield code="y">Guide (english)</subfield>
        </datafield>
        <datafield tag="970" ind1=" " ind2=" ">
            <subfield code="a">GDOC-2016-28140</subfield>
        </datafield>
        <datafield tag="980" ind1=" " ind2=" ">
            <subfield code="a">GDOC</subfield>
            <subfield code="b">Artes y humanidades</subfield>
            <subfield code="c">103</subfield>
        </datafield>
    </record>

    
</collection>